000 00762nam a2200229 i 4500
001 188724
003 ES-MaACL
005 20230906223303.0
007 t|
008 190208s1965 sp ||||1| spa d
100 0 _aGerin, Elisabeth.
_956449
245 1 0 _aTelevision amiga /
_cElisabeth Gerin ; [versión de J. Mas Godoy ; adaptación, notas y critica de los programas de TVE, Baget Herms].
260 _aBarcelona :
_bNova Terra,
_c[1965]
300 _a242 p. ;
_c20 cm.
490 1 _aColección "Navidad" ;
_v7
650 _aTelevisión y niños.
_9166178
700 0 _aMas Godayol, José.
_978634
700 1 _aHerme, Baget.
_9166181
830 0 _aColección "Navidad" ;
_v7
_9181795
852 _aES-MaACL
_jP-474-Ter-6
999 _c188724
_d188724